Kinh thi Thi kinh tập truyện Q.2 Quyển Trung
...
Đã lưu trong:
| Tác giả chính: | |
|---|---|
| Định dạng: | Sách |
| Năm xuất bản: |
H.
Văn học
2007
|
| Chủ đề: | |
| Tags: |
Thêm thẻ
Không có thẻ, Hãy là người đầu tiên gắn thẻ bản ghi này!
|
| LEADER | 00748nam a2200181 4500 | ||
|---|---|---|---|
| 082 | |a 895.11 |b KH455T | ||
| 100 | |a Khổng Tử | ||
| 245 | |a Kinh thi |c Khổng Tử; Tạ Quang Phát dịch |b Thi kinh tập truyện |n Q.2 |p Quyển Trung | ||
| 260 | |a H. |b Văn học |c 2007 | ||
| 300 | |a 923 tr. |c 21 cm | ||
| 520 | |a ... | ||
| 653 | |a Văn học cổ điển | ||
| 653 | |a Trung Quốc | ||
| 653 | |a Thơ | ||
| 942 | |2 ddc |c STK0 | ||
| 999 | |c 2616 |d 2616 | ||
| 952 | |0 0 |1 0 |2 ddc |4 0 |6 895_110000000000000_KH455T |7 1 |8 800 |9 32431 |a qbu |b qbu |c D5 |d 2014-12-14 |g 190000 |o 895.11 KH455T |p 3594.c1 |r 0000-00-00 |w 2014-12-14 |y STK0 | ||
| 952 | |0 0 |1 0 |2 ddc |4 0 |6 895_110000000000000_KH455T |7 0 |8 800 |9 32432 |a qbu |b qbu |c D5 |d 2014-12-14 |g 190000 |o 895.11 KH455T |p 3594.c2 |r 0000-00-00 |w 2014-12-14 |y STK0 | ||